000 00720nam a2200217Ia 4500
001 6556
003 GE_BSU
008 181216s||||||||xx |||||||||||||| ||und||
040 _cGE_BSU
080 _a821.353.1-11
100 _aბერულავა,ხუტა.
245 _aთორმეტი პოემა.
245 _cრედ:დავით,ციგორიშვილი;მხატვ:სოფიკო,კინწურაშვილი.
260 _aთბილისი.
260 _bსაბჭ.საქართველო.
260 _c1974.
300 _a246გვ;20სმ.
653 _aთორმეტი პოემა.
653 _aპოემა.
942 _cBK
999 _c39950
_d39950